| 000 | 01356cam a2200313 4500 | ||
|---|---|---|---|
| 008 | 020301n2001 000 0 eng u | ||
| 020 | _a092215466X | ||
| 035 | _a(Sirsi) u116920 | ||
| 041 | _aeng. | ||
| 050 |
_a333.3320973 _c18 |
||
| 100 |
_aEaton _cJ. |
||
| 110 |
_aInteragency Land Acquisition Conference 2000 _94390 |
||
| 245 | _aUniform appraisal standards for federal land acquisitions | ||
| 250 | _a5th ed. | ||
| 260 |
_aChicago _bAppraisal Institute _c2001 |
||
| 300 |
_avii, 129p. _c29cm. |
||
| 350 | _a28 | ||
| 520 | _aA uniform standards guide to the appraisal process in United States federal land acquisitions. First published in 1971, this 5th edition of the 'yellow book' recognizes the considerable changes that have recently characterized the real estate appraisal profession in the US. Includes updated case law and expanded treatment of novel and difficult valuation questions. The Standards are also available on the US Department of Justice's website. | ||
| 650 | _aUNITED STATES | ||
| 650 | _aVALUATION STANDARDS | ||
| 650 | _aAPPRAISAL PRACTICE | ||
| 650 |
_aValuation _96273 |
||
| 650 | _aREAL ESTATE | ||
| 690 | _aPROPERTY-PROPERTY APPRAISAL AND VALUATION | ||
| 710 |
_aAppraisal Institute _92987 |
||
| 710 |
_aUS Department of Justice _94391 |
||
| 856 | _uhttps://www.usdoj.gov/enrd/land-ack/ | ||
| 942 | _n0 | ||
| 999 |
_c101913 _d101913 |
||